000 00506nam a2200169Ia 4500
008 090711s9999 xx 000 0 und d
082 _b60934
100 _aधर्माधिकारी भाऊ
245 _aमहाअमात्य
260 _c1967
300 _a100
600 _aधर्माधिकारी भाऊ
630 _aमहाअमात्य
700 _aधर्माधिकारी भाऊ
730 _aमहाअमात्य
942 _cBOOK
999 _c321554
_d321554